[Event "C.to Provinciale IM-SV"]
[Site "Alassio ITA"]
[Date "2016.01.17"]
[Round "5"]
[White "Tripodi, Enzo"]
[Black "Biancotti, Alessandro"]
[WhiteElo "1722"]
[BlackElo "1827"]
[Result "1/2-1/2"]
[PlyCount "207"]
[EventDate "2016.01.15"]

1. e4 c5 2. Nf3 d6 3. d4 cxd4 4. Nxd4 Nf6 5. Nc3 g6 6. Be3 Bg7 7. f3 O-O 8. Qd2
Nc6 9. O-O-O Nxd4 10. Bxd4 Be6 11. Kb1 Re8 12. g4 Qa5 13. Nd5 Qxd2 14. Nxf6+
Bxf6 15. Rxd2 Bxd4 16. Rxd4 Rec8 17. Rb4 Rc7 18. Bd3 a5 19. Ra4 b6 20. g5 Rac8
21. f4 d5 22. Re1 dxe4 23. Bxe4 Kg7 24. Bd3 h6 25. h4 hxg5 26. hxg5 Rh8 27. b3
Rc5 28. Rd4 b5 29. Rde4 Rh4 30. b4 axb4 31. Rxb4 Bc4 32. Bxc4 bxc4 33. Re4 c3
34. a4 e6 35. Ka2 Rh2 36. Kb3 Rd5 37. Red4 Rf5 38. Rb5 Rh4 39. Rxf5 gxf5 40. a5
e5 41. Rd5 exf4 42. a6 Kg6 43. a7 Rh8 44. Kxc3 Kxg5 45. Kd3 Ra8 46. Rd7 f6 47.
c4 Kg4 48. c5 f3 49. c6 Re8 50. Kc3 f2 51. Rd1 Kg3 52. Kb4 Kg2 53. Rd2 Kg1 54.
Rd1+ f1=Q 55. Rxf1+ Kxf1 56. Kc5 Ke2 57. Kd6 f4 58. c7 f3 59. Kd7 f2 60. c8=Q
Rxc8 61. Kxc8 f1=Q 62. a8=Q Qc1+ 63. Kd8 Qd2+ 64. Kc8 Qc3+ 65. Kd8 Qd3+ 66. Ke7
f5 67. Kf6 f4 68. Qe8+ Kf1 69. Qh5 f3 70. Qh1+ Ke2 71. Qh5 Qd6+ 72. Kf7 Qf4+
73. Ke6 Qd4 74. Qb5+ Qd3 75. Qb2+ Qd2 76. Qb5+ Ke1 77. Qb1+ Kf2 78. Ke5 Qg5+
79. Kd4 Kg2 80. Qe4 Qd2+ 81. Kc5 Qa5+ 82. Kd6 Qb6+ 83. Ke5 Qc7+ 84. Kd4 Qg3 85.
Kd3 Qd6+ 86. Kc2 Qc5+ 87. Kd3 Qa3+ 88. Kd2 Qb2+ 89. Kd1 Qc3 90. Qg4+ Kf2 91.
Qh4+ Ke3 92. Qe1+ Kd3 93. Qxc3+ Kxc3 94. Ke1 Kd3 95. Kf2 Ke4 96. Kf1 Kf5 97.
Kf2 Kf4 98. Kf1 Kf5 99. Kf2 Ke4 100. Kf1 Ke3 101. Ke1 Kd3 102. Kf2 Ke4 103. Kf1
Ke5 104. Kf2 1/2-1/2

[Event "Torneo Sociale"]
[Site "Fossano ITA"]
[Date "2016.09.12"]
[Round "1"]
[White "Gastaldi, Franco"]
[Black "Pantano, Andrea"]
[WhiteElo "1740"]
[BlackElo "1547"]
[Result "0-1"]
[PlyCount "90"]
[EventDate "2016.09.12"]

1. d4 Nf6 2. Bf4 e6 3. c4 Nc6 4. Nc3 Be7 5. Nf3 O-O 6. e3 d5 7. a3 a6 8. Bd3
Re8 9. O-O Bd6 10. Ne5 Bxe5 11. dxe5 dxc4 12. exf6 cxd3 13. Qg4 g6 14. Qg5 e5
15. Bg3 Re6 16. Ne4 Qf8 17. Rfd1 h6 18. Qg4 Rd6 19. Qf3 Rd8 20. Rd2 h5 21. h3
Bf5 22. Rad1 Rd7 23. Rxd3 Rxd3 24. Rxd3 Rd8 25. Rxd8 Qxd8 26. Nc5 Qc8 27. Nxa6
e4 28. Qf4 bxa6 29. Qh6 Qf8 30. Qf4 Qd8 31. Bh4 Kh7 32. g4 hxg4 33. hxg4 Qd1+
34. Kh2 Qxg4 35. Qxg4 Bxg4 36. Bg3 Na5 37. Bxc7 Nc4 38. Kg3 Bf3 39. b4 Nxa3 40.
Bd6 Nb5 41. Be7 Nc3 42. Bd6 Nd5 43. Be7 g5 44. Kh3 Kg6 45. Kg3 Nxf6 0-1

[Event "Torneo Sociale"]
[Site "Fossano ITA"]
[Date "2016.09.12"]
[Round "1"]
[White "Ravera, Eros"]
[Black "Mondino, Ivano"]
[WhiteElo "1565"]
[BlackElo "1843"]
[Result "1/2-1/2"]
[PlyCount "84"]
[EventDate "2016.09.12"]

1. e4 e5 2. Nf3 Nc6 3. Bb5 a6 4. Bxc6 dxc6 5. d4 exd4 6. Qxd4 Qxd4 7. Nxd4 c5
8. Nf3 Bg4 9. Ne5 Be6 10. b3 O-O-O 11. O-O Bd6 12. Bb2 f6 13. Nf3 Ne7 14. c4
Ng6 15. Nc3 Ne5 16. Nxe5 Bxe5 17. Rfd1 Bd4 18. Na4 Bg4 19. Rd2 Bxb2 20. Rxb2 b6
21. Nc3 c6 22. f3 Be6 23. Ne2 Rd7 24. Nf4 Bf7 25. Kf2 Rhd8 26. Re1 Rd4 27. g3
Kc7 28. Rbe2 Rd2 29. Rxd2 Rxd2+ 30. Re2 Rxe2+ 31. Kxe2 b5 32. Kd3 bxc4+ 33.
bxc4 g5 34. Ng2 Kd6 35. f4 h6 36. Ne3 h5 37. Nf5+ Ke6 38. Ng7+ Ke7 39. a3 a5
40. Nf5+ Ke6 41. Ng7+ Ke7 42. Nf5+ Ke6 1/2-1/2

[Event "Torneo Sociale"]
[Site "Fossano ITA"]
[Date "2016.09.19"]
[Round "2"]
[White "Mondino, Ivano"]
[Black "Aloi, Andrea"]
[WhiteElo "1843"]
[BlackElo "1645"]
[Result "0-1"]
[PlyCount "96"]
[EventDate "2016.09.12"]

1. e4 e5 2. Nf3 Nc6 3. Bc4 Nf6 4. Ng5 d5 5. exd5 Na5 6. Bb5+ c6 7. dxc6 bxc6 8.
Qf3 Qb6 9. Nc3 Bg4 10. Qg3 cxb5 11. Qxe5+ Be7 12. Qxb5+ Qxb5 13. Nxb5 O-O 14.
d3 h6 15. Nf3 a6 16. Nbd4 Rfe8 17. O-O Rac8 18. c3 Nc6 19. h3 Bh5 20. Nxc6 Rxc6
21. g4 Bg6 22. Ne5 Re6 23. Nxg6 fxg6 24. Be3 Nd5 25. Bd2 Bd6 26. Rfe1 Rxe1+ 27.
Rxe1 Rxe1+ 28. Bxe1 Nf4 29. d4 Nd3 30. Kf1 Nxb2 31. Ke2 Kf7 32. Bd2 Ke6 33. Bc1
Nc4 34. Kd3 Kd5 35. f3 g5 36. Kc2 Bf4 37. Bxf4 gxf4 38. Kd3 g5 39. Kc2 a5 40.
Kd3 a4 41. Kc2 a3 42. Kd3 Nb2+ 43. Kd2 Kc4 44. Kc2 Na4 45. d5 Kxd5 46. Kb3 Nc5+
47. Kb4 Nd3+ 48. Kb5 Ne5 0-1

[Event "Torneo Sociale"]
[Site "Fossano ITA"]
[Date "2016.09.19"]
[Round "2"]
[White "Sapone, Luigi"]
[Black "Ravinale, Eraldo"]
[WhiteElo "1573"]
[BlackElo "1546"]
[Result "1/2-1/2"]
[PlyCount "85"]
[EventDate "2016.09.12"]

1. d4 d5 2. c4 c6 3. Bf4 Nf6 4. Nc3 e6 5. Nf3 Qa5 6. a3 dxc4 7. e3 Ne4 8. Qa4
Qxa4 9. Nxa4 b5 10. Nc3 Nxc3 11. bxc3 Nd7 12. Be2 f6 13. O-O Nb6 14. Bd1 Nd5
15. a4 Nxc3 16. axb5 cxb5 17. Rc1 Nxd1 18. Rfxd1 Bb7 19. Ne1 a5 20. f3 Bb4 21.
Nc2 Be7 22. Na1 O-O 23. Rd2 Rfc8 24. Rdc2 Ba6 25. Ra2 a4 26. e4 Bb7 27. Bd2 a3
28. Nc2 c3 29. Be3 b4 30. Rb1 Rc4 31. Nxa3 c2 32. Rxc2 Rxc2 33. Nxc2 Bc8 34.
Nxb4 Rb8 35. Bd2 Bxb4 36. Rxb4 Rxb4 37. Bxb4 Bb7 38. Kf2 g6 39. Ke3 h5 40. g3
Kf7 41. h4 f5 42. e5 Bd5 43. f4 1/2-1/2

[Event "Torneo Sociale"]
[Site "Fossano ITA"]
[Date "2016.09.26"]
[Round "3"]
[White "Aloi, Andrea"]
[Black "Garelli, Gianluca"]
[WhiteElo "1645"]
[BlackElo "1694"]
[Result "0-1"]
[PlyCount "104"]
[EventDate "2016.09.12"]

1. e4 e6 2. d4 d5 3. e5 c5 4. c3 Nc6 5. Nf3 Bd7 6. a3 Qb6 7. b4 cxd4 8. cxd4
Nge7 9. Bb2 Nf5 10. Be2 Be7 11. O-O Nh4 12. Nbd2 Nxf3+ 13. Nxf3 a6 14. Qd2 Qd8
15. Rac1 g5 16. Ne1 h5 17. f4 g4 18. g3 b5 19. Bd3 Qb6 20. Qf2 O-O-O 21. Be2
Rdg8 22. Nd3 h4 23. Kg2 Kb8 24. Nc5 Bxc5 25. Rxc5 Qd8 26. Rh1 Ne7 27. Bd3 hxg3
28. hxg3 Rxh1 29. Kxh1 Rh8+ 30. Kg2 Rh3 31. Qe2 Qh8 32. Qxg4 Rh2+ 33. Kf3 Rxb2
34. Rc2 Qh1+ 35. Ke3 Qg1+ 36. Kd2 Rxc2+ 37. Kxc2 Qxd4 38. Qg5 Nc6 39. Qg8+ Kc7
40. Qxf7 Qf2+ 41. Kc3 Qxg3 42. Qf8 d4+ 43. Kd2 Qg2+ 44. Be2 Qd5 45. Qd6+ Qxd6
46. exd6+ Kxd6 47. Kd3 Be8 48. Bf3 Bg6+ 49. Be4 Bxe4+ 50. Kxe4 Ne7 51. Kxd4 Nd5
52. Ke4 Nc3+ 0-1

[Event "Torneo Sociale"]
[Site "Fossano ITA"]
[Date "2016.09.26"]
[Round "3"]
[White "Ravinale, Eraldo"]
[Black "Ravera, Eros"]
[WhiteElo "1546"]
[BlackElo "1565"]
[Result "1-0"]
[PlyCount "159"]
[EventDate "2016.09.12"]

1. e4 e5 2. Nf3 Nc6 3. Bb5 Nf6 4. O-O Bc5 5. c3 Nxe4 6. d3 Nxf2 7. Rxf2 Bxf2+
8. Kxf2 d6 9. Be3 O-O 10. Nbd2 a6 11. Ba4 b5 12. Bc2 d5 13. Bg5 Qd6 14. h4 Ne7
15. Bxe7 Qxe7 16. Qe1 Re8 17. Kg1 Bb7 18. Qg3 e4 19. dxe4 dxe4 20. Re1 e3 21.
Nb3 e2 22. Nbd4 Qe3+ 23. Qf2 Bxf3 24. Qxe3 Rxe3 25. Nxf3 Rae8 26. Kf2 c5 27.
Ng1 Kf8 28. Rxe2 Rxe2+ 29. Nxe2 Rd8 30. Ke3 b4 31. cxb4 cxb4 32. Bd3 a5 33. Nd4
Rb8 34. Nc6 b3 35. a3 Ra8 36. Bc4 Rc8 37. Bb5 Re8+ 38. Kd2 Re6 39. Nxa5 Rg6 40.
Bf1 Rf6 41. Ke1 Re6+ 42. Be2 Ke7 43. Nxb3 Rb6 44. Bd1 Kd8 45. Ke2 Rg6 46. Kf2
Rf6+ 47. Ke3 Rg6 48. Bf3 Kc7 49. Nd4 Rb6 50. b3 g6 51. a4 Kd6 52. a5 Ra6 53. b4
Kc7 54. Nb3 Re6+ 55. Kd3 Rd6+ 56. Kc3 Kb8 57. b5 Ka7 58. b6+ Ka6 59. b7 Ka7 60.
Nd4 Rf6 61. Nb5+ Kb8 62. Nd4 Rd6 63. Kc4 Rf6 64. Kb5 Rd6 65. Kc5 Rf6 66. Nc6+
Kxb7 67. Ne7+ Ka6 68. Nc6 Rf5+ 69. Kd6 Rf4 70. Be2+ Kb7 71. a6+ Ka8 72. Bf3 Ra4
73. Kc7 Ra1 74. Nb4+ Ka7 75. Be2 Rc1+ 76. Nc6+ Ka8 77. Bf3 Re1 78. Nb8+ Ka7 79.
Bb7 Rc1+ 80. Nc6+ 1-0

[Event "Torneo Sociale"]
[Site "Fossano ITA"]
[Date "2016.10.03"]
[Round "4"]
[White "Garelli, Gianluca"]
[Black "Sotgia, Cosimo"]
[WhiteElo "1694"]
[BlackElo "1864"]
[Result "1/2-1/2"]
[PlyCount "126"]
[EventDate "2016.09.12"]

1. d4 Nf6 2. Nf3 c5 3. e3 cxd4 4. exd4 d5 5. Bd3 Bg4 6. Nbd2 Nc6 7. c3 e6 8.
Qa4 a6 9. Ne5 Qc8 10. Nxg4 Nxg4 11. Nf3 Be7 12. h3 Nf6 13. O-O b5 14. Qc2 h6
15. Bf4 Qd8 16. Rfe1 Rc8 17. Qe2 Bd6 18. Ne5 Bxe5 19. Bxe5 Nxe5 20. dxe5 Nd7
21. a4 bxa4 22. Bxa6 O-O 23. Bxc8 Qxc8 24. Rxa4 Nc5 25. Ra7 Ne4 26. Rea1 Qc5
27. Qe3 Qc4 28. R7a4 Qb5 29. Rb4 Qc6 30. Qb6 Qc8 31. Ra7 Nd2 32. Qc7 Qxc7 33.
Rxc7 Ra8 34. g3 Nf3+ 35. Kg2 Nxe5 36. Rbb7 Rf8 37. b4 Nc4 38. b5 Nd6 39. Rb6
Nc4 40. Ra6 Rb8 41. Rxc4 dxc4 42. b6 Kf8 43. Kf3 Ke7 44. Ke4 Kd6 45. Kd4 Kc6
46. Kxc4 Rxb6 47. Rxb6+ Kxb6 48. Kb4 h5 49. c4 g5 50. f4 gxf4 51. gxf4 f6 52.
c5+ Kc6 53. Kc4 e5 54. fxe5 fxe5 55. h4 e4 56. Kd4 e3 57. Kxe3 Kxc5 58. Kf4 Kd6
59. Kg5 Ke7 60. Kxh5 Kf8 61. Kg6 Kg8 62. h5 Kh8 63. h6 Kg8 1/2-1/2

[Event "Torneo Sociale"]
[Site "Fossano ITA"]
[Date "2016.10.03"]
[Round "4"]
[White "Pantano, Andrea"]
[Black "Borello, Paola"]
[WhiteElo "1547"]
[BlackElo "1428"]
[Result "1-0"]
[PlyCount "59"]
[EventDate "2016.09.12"]

1. b3 d5 2. Bb2 Nf6 3. Nf3 g6 4. e3 Bg7 5. Be2 O-O 6. O-O b6 7. d3 c5 8. Nbd2
Bg4 9. c4 Qd6 10. d4 Nc6 11. dxc5 Qxc5 12. Rc1 Qd6 13. cxd5 Qxd5 14. h3 Bxf3
15. Bxf3 Qd3 16. Rxc6 Rac8 17. Nc4 Qxd1 18. Rxd1 Rxc6 19. Bxc6 h5 20. Ba3 Rc8
21. Bf3 Bf8 22. Ne5 Rc2 23. Rd8 Rxa2 24. Bxe7 Ra1+ 25. Kh2 Kh7 26. Rxf8 Ng8 27.
Rxf7+ Kh6 28. Bf8+ Kg5 29. Rf4 Ra5 30. h4# 1-0

[Event "Torneo Sociale"]
[Site "Fossano ITA"]
[Date "2016.10.03"]
[Round "4"]
[White "Sapone, Luigi"]
[Black "Aloi, Andrea"]
[WhiteElo "1573"]
[BlackElo "1645"]
[Result "0-1"]
[PlyCount "118"]
[EventDate "2016.09.12"]

1. d4 f5 2. c4 Nf6 3. Nc3 g6 4. h3 Bg7 5. Bf4 O-O 6. Nf3 d6 7. Qb3 Kh8 8. e3
Nc6 9. Bd3 Re8 10. Ng5 Rf8 11. d5 Ne5 12. Be2 h6 13. Ne6 Bxe6 14. dxe6 Rb8 15.
Nb5 a6 16. Nc3 c5 17. O-O Qc8 18. Rfd1 Qxe6 19. Nd5 Nxd5 20. cxd5 Qd7 21. Rac1
g5 22. Bh2 f4 23. f3 Ng6 24. e4 Bd4+ 25. Kh1 b5 26. Bg1 Bxg1 27. Kxg1 Ne5 28.
Qc2 Rfc8 29. Kh2 c4 30. g3 Qa7 31. Kg2 fxg3 32. Kxg3 h5 33. Qd2 h4+ 34. Kg2 Rf8
35. Rf1 Rf4 36. Rf2 Rbf8 37. b3 g4 38. hxg4 Nxg4 39. Rff1 Ne3+ 40. Kh3 Qd7+ 41.
Kh2 Nxf1+ 42. Rxf1 e5 43. dxe6 Qxe6 44. Qd4+ Qe5 45. Qxe5+ dxe5 46. bxc4 bxc4
47. Rc1 Rc8 48. Rc3 a5 49. Bf1 Kg7 50. Bh3 Rc5 51. Bg4 Kf6 52. Kg2 Kg5 53. Kf2
Rf6 54. Ke2 Rd6 55. a3 Rd3 56. Rxd3 cxd3+ 57. Kxd3 Kf4 58. a4 Rc1 59. Ke2 Kg3
0-1

[Event "Torneo Sociale"]
[Site "Fossano ITA"]
[Date "2016.10.03"]
[Round "4"]
[White "Superbo, Leonardo"]
[Black "Gastaldi, Franco"]
[WhiteElo "1646"]
[BlackElo "1740"]
[Result "1-0"]
[PlyCount "39"]
[EventDate "2016.09.12"]

1. d4 e6 2. Nf3 Nf6 3. Nbd2 d5 4. e3 Nbd7 5. Bd3 Be7 6. O-O c5 7. c3 c4 8. Bc2
O-O 9. Re1 b5 10. Ne5 Nxe5 11. dxe5 Nd7 12. f4 Qb6 13. Nf3 a5 14. a3 Bb7 15.
Rf1 b4 16. Nd4 bxa3 17. bxa3 Ba6 18. Qh5 f5 19. Rb1 Qd8 20. Nxe6 1-0

[Event "Torneo Sociale"]
[Site "Fossano ITA"]
[Date "2016.10.10"]
[Round "5"]
[White "Borello, Paola"]
[Black "Ciancia, Giampiero"]
[WhiteElo "1428"]
[BlackElo "1639"]
[Result "0-1"]
[PlyCount "52"]
[EventDate "2016.09.12"]

1. e4 e5 2. Nf3 Nc6 3. Bb5 a6 4. Ba4 Be7 5. O-O Nf6 6. Re1 O-O 7. c3 b5 8. Bb3
Na5 9. Bc2 d6 10. h3 c5 11. d4 cxd4 12. cxd4 exd4 13. Nxd4 Bb7 14. Nf5 Nc4 15.
Nxe7+ Qxe7 16. Nc3 Rab8 17. b3 Ne5 18. Bg5 h6 19. Bxf6 Qxf6 20. Nd5 Bxd5 21.
exd5 Rfc8 22. Be4 Rc3 23. Rc1 Rbc8 24. Rxc3 Rxc3 25. Qd4 Nf3+ 26. gxf3 Qxd4 0-1

[Event "Torneo Sociale"]
[Site "Fossano ITA"]
[Date "2016.10.10"]
[Round "5"]
[White "Ravinale, Eraldo"]
[Black "Garelli, Gianluca"]
[WhiteElo "1546"]
[BlackElo "1694"]
[Result "1/2-1/2"]
[PlyCount "93"]
[EventDate "2016.09.12"]

1. d4 d5 2. Nf3 Nf6 3. Nc3 e6 4. h3 c5 5. e3 Nc6 6. Be2 Bd6 7. O-O a6 8. Re1
O-O 9. b3 b5 10. Bb2 Bb7 11. Nh2 Qc7 12. Nf3 Rac8 13. dxc5 Bxc5 14. Bd3 e5 15.
Bf1 Rfd8 16. Ne2 e4 17. Nfd4 Ne5 18. Rc1 Bb4 19. c3 Bd6 20. Ng3 g6 21. b4 Ned7
22. Nge2 Ne5 23. Ng3 Nc4 24. Bxc4 dxc4 25. Nge2 Nd7 26. f4 exf3 27. Nxf3 Bxf3
28. gxf3 Ne5 29. Nf4 Qe7 30. Rc2 Bxb4 31. Qe2 Bc5 32. Kh2 Nd3 33. Ng2 Nxe1 34.
Qxe1 Rd3 35. Bc1 Rcd8 36. Qe2 Bd6+ 37. f4 Qe4 38. Qf2 Bc5 39. Kg3 Re8 40. Qf3
Bxe3 41. Qxe4 Bxc1+ 42. Qxd3 cxd3 43. Rxc1 Re2 44. Rd1 Rxa2 45. Rxd3 Ra3 46.
Ne1 a5 47. Kf2 1/2-1/2

[Event "Torneo Sociale"]
[Site "Fossano ITA"]
[Date "2016.10.10"]
[Round "5"]
[White "Superbo, Leonardo"]
[Black "Sapone, Luigi"]
[WhiteElo "1646"]
[BlackElo "1573"]
[Result "1/2-1/2"]
[PlyCount "109"]
[EventDate "2016.09.12"]

1. d4 Nf6 2. Nf3 e6 3. e3 b6 4. Bd3 Bb7 5. Nbd2 d5 6. O-O Nbd7 7. c3 Bd6 8. Re1
Ne4 9. Qc2 Ndf6 10. Ne5 O-O 11. f4 h6 12. Ndf3 Qe8 13. Rf1 Nh7 14. Nd2 Nhf6 15.
a4 a6 16. b4 Nxd2 17. Bxd2 Ne4 18. Bc1 f6 19. Nf3 Qh5 20. Bb2 c5 21. bxc5 bxc5
22. g3 c4 23. Be2 Qe8 24. Nd2 Nxd2 25. Qxd2 e5 26. Rfe1 e4 27. Reb1 Qd7 28. Kg2
Bc6 29. Qd1 Rab8 30. Bg4 f5 31. Be2 Rb3 32. Qd2 Rfb8 33. Bd1 R3b6 34. Ra2 a5
35. Bc2 Qb7 36. h3 Ba3 37. Bxa3 Rxb1 38. Bxb1 Qxb1 39. Rb2 Rxb2 40. Qxb2 Qxb2+
41. Bxb2 Bxa4 42. h4 Be8 43. Ba3 a4 44. Kf2 Kf7 45. Ke1 Kg6 46. Be7 Kh5 47. Kf2
Kg6 48. Ke2 Kf7 49. Bb4 Kf6 50. Kd2 g5 51. hxg5+ hxg5 52. Ba3 Kg6 53. Ke2 Kh5
54. Kf2 gxf4 55. gxf4 1/2-1/2

[Event "Torneo Sociale"]
[Site "Fossano ITA"]
[Date "2016.10.17"]
[Round "6"]
[White "Garelli, Gianluca"]
[Black "Pantano, Andrea"]
[WhiteElo "1694"]
[BlackElo "1547"]
[Result "1/2-1/2"]
[PlyCount "66"]
[EventDate "2016.09.12"]

1. d4 Nf6 2. Nf3 g6 3. e3 Bg7 4. Bd3 O-O 5. Nbd2 d6 6. c3 Bg4 7. h3 Bd7 8. O-O
Nc6 9. e4 e5 10. d5 Ne7 11. c4 Nh5 12. Re1 f5 13. Nf1 fxe4 14. Bxe4 Nf4 15. Rb1
Qc8 16. Bxf4 Rxf4 17. Ng3 Nf5 18. Qd3 Nh4 19. Ng5 Kh8 20. b4 Bh6 21. Nf3 Nxf3+
22. Bxf3 Qf8 23. Rb3 Rd4 24. Qb1 Rxc4 25. Ne4 Bf5 26. Qd1 Bxe4 27. Bxe4 Qf4 28.
Qd3 Rf8 29. Rb2 Rc1 30. Qe2 Rf7 31. g3 Rxe1+ 32. Qxe1 Qc1 33. Qxc1 Bxc1 1/2-1/2

[Event "Torneo Sociale"]
[Site "Fossano ITA"]
[Date "2016.10.24"]
[Round "7"]
[White "Flego, Dario"]
[Black "Ciancia, Giampiero"]
[WhiteElo "1700"]
[BlackElo "1639"]
[Result "1-0"]
[PlyCount "85"]
[EventDate "2016.09.12"]

1. e4 e5 2. Nf3 Nc6 3. d4 exd4 4. Nxd4 Nxd4 5. Qxd4 d6 6. Bc4 Be6 7. Nc3 Nf6 8.
Bg5 Be7 9. h4 h6 10. Bd2 O-O 11. Bxe6 fxe6 12. O-O-O e5 13. Qd3 Ng4 14. Qg3 h5
15. f3 Nf6 16. Nd5 Nxd5 17. exd5 Rf7 18. Bg5 Rf5 19. Be3 a5 20. Rdf1 a4 21. Qg6
Qf8 22. Qg3 b5 23. Rd1 b4 24. Bg5 a3 25. b3 Qf7 26. Be3 Ra5 27. Qe1 Rb5 28. Bd2
Rxd5 29. Bxb4 Rxd1+ 30. Qxd1 d5 31. Bxe7 Qxe7 32. Qxd5+ Kh8 33. g3 Qb4 34. Qd8+
Rf8 35. Qxc7 Qd4 36. Rd1 Qa1+ 37. Kd2 Qd4+ 38. Ke2 Qb2 39. Rd7 Rg8 40. Re7 Qxa2
41. Rxe5 g6 42. Re7 Rg7 43. Rxg7 1-0

[Event "Torneo Sociale"]
[Site "Fossano ITA"]
[Date "2016.10.24"]
[Round "7"]
[White "Garelli, Gianluca"]
[Black "Sapone, Luigi"]
[WhiteElo "1694"]
[BlackElo "1573"]
[Result "1/2-1/2"]
[PlyCount "62"]
[EventDate "2016.09.12"]

1. d4 Nf6 2. Nf3 d5 3. e3 Bg4 4. Nbd2 e6 5. c4 c5 6. Qb3 Qc7 7. Bd3 cxd4 8.
exd4 Nc6 9. a3 Bd6 10. c5 Be7 11. Qc2 O-O 12. O-O e5 13. dxe5 Nxe5 14. Nxe5
Qxe5 15. Rb1 Rfc8 16. b4 h6 17. Bb2 Qc7 18. h3 Be6 19. Bd4 a5 20. Nb3 axb4 21.
axb4 b6 22. Ra1 Ne4 23. Rxa8 Rxa8 24. Bxe4 dxe4 25. Qxe4 Qd8 26. Nc1 bxc5 27.
Bxc5 Bxc5 28. bxc5 Rc8 29. Nd3 Qd7 30. Qe3 Qb5 31. Rc1 Bc4 1/2-1/2

[Event "Torneo Sociale"]
[Site "Fossano ITA"]
[Date "2016.10.24"]
[Round "7"]
[White "Gastaldi, Franco"]
[Black "Ravinale, Eraldo"]
[WhiteElo "1740"]
[BlackElo "1546"]
[Result "1-0"]
[PlyCount "55"]
[EventDate "2016.09.12"]

1. d4 Nf6 2. Bg5 d5 3. c4 c6 4. Nc3 e6 5. e3 Be7 6. Nf3 Nbd7 7. Bd3 h6 8. Bh4
g5 9. Bg3 Nh5 10. Be5 Nxe5 11. Nxe5 Nf6 12. Qc2 Rg8 13. O-O-O a5 14. c5 Qc7 15.
Qe2 b5 16. Nxc6 Bd7 17. Nxe7 Kxe7 18. Bxb5 Bxb5 19. Nxb5 Qc6 20. a4 g4 21. f3
h5 22. Qf2 Rg5 23. Qg3 Ne8 24. h4 Rg6 25. Qe5 Nf6 26. f4 Rag8 27. f5 Nd7 28.
Qd6+ 1-0

[Event "Torneo Sociale"]
[Site "Fossano ITA"]
[Date "2016.10.24"]
[Round "7"]
[White "Pantano, Andrea"]
[Black "Mondino, Ivano"]
[WhiteElo "1546"]
[BlackElo "1843"]
[Result "0-1"]
[PlyCount "88"]
[EventDate "2016.09.12"]

1. b3 e5 2. Bb2 Nc6 3. e3 Nf6 4. Nf3 e4 5. Nd4 Bc5 6. Be2 d5 7. d3 Nxd4 8. exd4
Bd6 9. dxe4 Nxe4 10. O-O O-O 11. Nd2 Bf5 12. Nxe4 Bxe4 13. Bf3 f5 14. c4 c6 15.
Bc3 Bf4 16. Re1 Rf6 17. Bxe4 fxe4 18. Bd2 Qc7 19. g3 Bxd2 20. Qxd2 Raf8 21. Re2
Qf7 22. Rc1 Rf3 23. Rc3 Qh5 24. Rce3 Qh3 25. Qe1 R8f6 26. Qf1 Qh5 27. c5 g5 28.
Rxf3 Rxf3 29. Re3 g4 30. Rxf3 gxf3 31. a4 Qh6 32. Qe1 Qh3 33. Qf1 Qxf1+ 34.
Kxf1 Kf7 35. Ke1 Kf6 36. Kd2 Kf5 37. h3 h5 38. Ke3 h4 39. gxh4 a5 40. Kd2 Kg6
41. Ke3 Kh5 42. Kf4 Kxh4 43. Ke3 Kxh3 44. Kd2 Kg2 0-1

[Event "Torneo B Autunno Vomero"]
[Site "Napoli ITA"]
[Date "2016.09.08"]
[Round "1"]
[White "Capasso, Ciro"]
[Black "Spano, Angelo Salvatore"]
[WhiteElo "1440"]
[BlackElo "1138"]
[Result "0-1"]
[PlyCount "80"]
[EventDate "2016.09.08"]

1. e4 g6 2. Nf3 Bg7 3. Bc4 e6 4. O-O Ne7 5. d3 d5 6. Bf4 Bxb2 7. Be5 Bxa1 8.
Bxa1 O-O 9. Bb3 dxe4 10. dxe4 Qxd1 11. Rxd1 Nbc6 12. Bf6 Re8 13. Nc3 a6 14. a4
Kf8 15. Ng5 Kg8 16. Nf3 h6 17. Ne5 Nxe5 18. Bxe5 c6 19. Bf6 g5 20. f3 b6 21.
Bc4 Bb7 22. Rd7 Bc8 23. Rc7 Ng6 24. Rxc6 b5 25. axb5 axb5 26. Nxb5 Ra6 27. Nd4
Rxc6 28. Nxc6 Bb7 29. Ne5 Nxe5 30. Bxe5 Rc8 31. Bd3 Kh7 32. f4 gxf4 33. Bxf4 f6
34. e5+ f5 35. h3 Be4 36. Ba6 Rxc2 37. Kh2 Bxg2 38. Bd3 Rb2 39. Bc4 Bd5+ 40.
Kg3 Bxc4 0-1

[Event "Torneo B Autunno Vomero"]
[Site "Napoli ITA"]
[Date "2016.09.08"]
[Round "1"]
[White "Caporali, Dante"]
[Black "Mancini, Renato"]
[WhiteElo "1667"]
[BlackElo "1440"]
[Result "1-0"]
[PlyCount "33"]
[EventDate "2016.09.08"]

1. d4 e6 2. c4 Nf6 3. Nc3 Nc6 4. e3 Bb4 5. Bd3 Bxc3+ 6. bxc3 O-O 7. Nf3 d5 8.
O-O dxc4 9. Bxc4 Na5 10. Bd3 Re8 11. Qc2 Nc6 12. Rd1 e5 13. dxe5 Nxe5 14. Nxe5
Rxe5 15. Bxh7+ Nxh7 16. Rxd8+ Nf8 17. Ba3 1-0

[Event "Torneo B Autunno Vomero"]
[Site "Napoli ITA"]
[Date "2016.09.08"]
[Round "1"]
[White "Chiaiese, Luciano"]
[Black "Orefice, Giovanni"]
[WhiteElo "1525"]
[BlackElo "1379"]
[Result "1-0"]
[PlyCount "49"]
[EventDate "2016.09.08"]

1. Nf3 Nc6 2. g3 e6 3. Bg2 Nf6 4. O-O g6 5. d3 Bg7 6. Nc3 O-O 7. Re1 Re8 8. e4
d6 9. Bf4 e5 10. Be3 a6 11. Nd2 Ng4 12. Nb3 b5 13. a3 Nxe3 14. fxe3 Rb8 15. Rf1
Rf8 16. d4 exd4 17. exd4 f5 18. e5 dxe5 19. Bxc6 e4 20. Bd5+ Kh8 21. Qe2 Bxd4+
22. Nxd4 Rb6 23. Qe3 c6 24. Nxc6 Rxc6 25. Bxc6 1-0

[Event "Torneo B Autunno Vomero"]
[Site "Napoli ITA"]
[Date "2016.09.08"]
[Round "1"]
[White "Compagnone, Luigi"]
[Black "Cangiano, Gianluca"]
[WhiteElo "1203"]
[BlackElo "1440"]
[Result "1-0"]
[PlyCount "37"]
[EventDate "2016.09.08"]

1. e4 Nc6 2. Nf3 e5 3. d4 d6 4. dxe5 Nxe5 5. Nxe5 dxe5 6. Qxd8+ Kxd8 7. Nc3 Nf6
8. Bg5 h6 9. Bh4 g5 10. Bg3 Ng4 11. h3 Bb4 12. hxg4 Bxc3+ 13. bxc3 Re8 14. Rxh6
Bxg4 15. f3 Bc8 16. O-O-O+ Ke7 17. Bxe5 Be6 18. Bf6+ Kf8 19. Rh8# 1-0

[Event "Torneo B Autunno Vomero"]
[Site "Napoli ITA"]
[Date "2016.09.08"]
[Round "1"]
[White "Marchesini, Giulia"]
[Black "Donadio, Giacinto"]
[WhiteElo "1290"]
[BlackElo "1491"]
[Result "1-0"]
[PlyCount "99"]
[EventDate "2016.09.08"]

1. e4 d6 2. d4 g6 3. Nf3 Bg7 4. d5 Nf6 5. Nc3 c6 6. Bc4 b5 7. Bd3 b4 8. Ne2 c5
9. c4 O-O 10. e5 Ng4 11. exd6 exd6 12. a3 bxa3 13. Rxa3 Qb6 14. Ra2 Nd7 15. b3
Nde5 16. Nxe5 Nxe5 17. Be4 Re8 18. Bb2 Nxc4 19. Bxg7 Rxe4 20. bxc4 Kxg7 21.
Qa1+ Kg8 22. Rb2 Qa6 23. O-O Qxa1 24. Rxa1 Rxc4 25. h3 Rb4 26. Rxb4 cxb4 27.
Nd4 Bb7 28. Ra4 a5 29. Nb5 Bxd5 30. Nc7 Bc6 31. Nxa8 Bxa4 32. Nb6 Bb5 33. Nd5
f5 34. f4 Kf7 35. Kf2 Ke6 36. Nc7+ Kd7 37. Nxb5 Kc6 38. Nd4+ Kc5 39. Ke3 Kc4
40. Ne2 a4 41. Kd2 d5 42. Kc2 d4 43. Nc1 b3+ 44. Kb2 d3 45. Nxd3 Kxd3 46. g4
fxg4 47. hxg4 Ke3 48. f5 Kd3 49. f6 a3+ 50. Kxb3 1-0

[Event "Torneo B Autunno Vomero"]
[Site "Napoli ITA"]
[Date "2016.09.08"]
[Round "1"]
[White "Orefice, Matteo"]
[Black "Polizio, Italo"]
[WhiteElo "1440"]
[BlackElo "1258"]
[Result "0-1"]
[PlyCount "68"]
[EventDate "2016.09.08"]

1. e4 e5 2. Nf3 Nc6 3. Bb5 d6 4. O-O Nf6 5. Re1 Bd7 6. c3 a6 7. Ba4 g6 8. d4
exd4 9. cxd4 Bg7 10. Bg5 O-O 11. Bxc6 Bxc6 12. e5 dxe5 13. Nxe5 Qd5 14. f3 Rad8
15. Nxc6 bxc6 16. Be3 Ne8 17. Nc3 Qd7 18. Qa4 Ra8 19. Rad1 Nf6 20. Ne4 Nxe4 21.
fxe4 Rfe8 22. e5 Qd5 23. b3 Re6 24. Rc1 f6 25. Rc5 Qd7 26. Bf4 fxe5 27. Bxe5
Bxe5 28. Rexe5 Rxe5 29. Rxe5 Qd6 30. Qc4+ Kg7 31. Re6 Qf4 32. Rxc6 Qe3+ 33. Kf1
Rf8+ 34. Rf6 Rxf6# 0-1

[Event "Torneo B Autunno Vomero"]
[Site "Napoli ITA"]
[Date "2016.09.08"]
[Round "1"]
[White "Verre, Gaetano"]
[Black "Guglielmi, Domenico Donato"]
[WhiteElo "1387"]
[BlackElo "1542"]
[Result "1-0"]
[PlyCount "39"]
[EventDate "2016.09.08"]

1. e4 c5 2. Nf3 Nc6 3. d4 cxd4 4. Nxd4 e6 5. Nc3 Nf6 6. Be3 d5 7. Bb5 a6 8.
Nxc6 Qc7 9. Nd4+ axb5 10. Ndxb5 Qa5 11. exd5 Nxd5 12. O-O Nxe3 13. fxe3 Qb6 14.
Qf3 Bc5 15. Qxf7+ Kd8 16. Rad1+ Bd4 17. Rxd4+ Qxd4 18. Qc7+ Ke8 19. exd4 Ra6
20. Rf7 1-0

[Event "Torneo B Autunno Vomero"]
[Site "Napoli ITA"]
[Date "2016.09.15"]
[Round "2"]
[White "Compagnone, Luigi"]
[Black "Esposito, Marco"]
[WhiteElo "1203"]
[BlackElo "1440"]
[Result "0-1"]
[PlyCount "33"]
[EventDate "2016.09.08"]

1. e4 c5 2. f4 e6 3. Nf3 Nc6 4. Nc3 b6 5. Bc4 a6 6. O-O Qc7 7. d3 Bb7 8. Be3
Nf6 9. Qd2 Ng4 10. h3 Nxe3 11. Qxe3 h6 12. a3 O-O-O 13. Rad1 Be7 14. d4 cxd4
15. Nxd4 Nxd4 16. Qxd4 Bc5 17. b3 0-1